000 00414nam a2200169Ia 4500
008 230524s9999 xx 000 0 und d
082 _a621.382
_bGUP
100 _aB.R.Gupta
245 0 _aFundamentals of Electrical Networks
250 _a1ST
260 _aNEW DELHI
_bS.Chand
_c2005
300 _aXI;642
500 _aQuantity Number: 2
650 _aElectrical
700 _a Vandana Singhal
942 _cBK
999 _c36745
_d36745